Gewesten Belgie - Sudden Death - Noem de Belgische Gemeenschappen - Statistieken

Algemene statistieken
  • Deze quiz is 58 keer genomen
  • De gemiddelde score is 4 van 9
Answers on the Grid
Answers color-coded by a green-red scale on the quiz's grid according to % correct below.
Engelse
Franse
Italiaanse
Nederlandse
Brussel
Namen
Gent
Brussel
Wallonië
Vlaanderen
Antwerpen
Duitse
Vlaamse
Limburg
Brabant
Brussel
 
Antwoordstatistieken
Antwoord % Correct
Vlaanderen
77%
Franse
69%
Wallonië
69%
Brussel
62%
Vlaamse
62%
Duitse
23%
Brussel
15%
Brussel
15%
Namen
8%
Geen overeenkomende quizzen gevonden
Scoreverdeling
Procent van Mensen met Elke Score
Percentiel versus Aantal Correcte Antwoorden
Uw Scoregeschiedenis
U heeft deze quiz nog niet genomen